La légende d'Yperdamme /

Hlavní autor: Demolder, Eugène, 1862-1919
Další autoři: Morannes, Étienne
Jazyk: Francouzština
Vydáno: Paris : Mercure de France, [1900?]
Témata:
Fyzický popis: 151 s., [10] obr. příl. : il. ; 29 cm
Knihy
Uloženo v:
LEADER 00848nam a2200217 a 4500
001 000598050
003 CZ BrMZK
005 20020507105059.0
008 020503s1900 fr f fre d
040 |a BOA001  |b cze 
100 1 |a Demolder, Eugène,  |d 1862-1919  |7 mzk2002108110 
245 1 3 |a La légende d'Yperdamme /  |c Eugène Demolder ; avec une couverture et 9 dessins hors texte d'Étienne Morannes 
260 |a Paris :  |b Mercure de France,  |c [1900?] 
300 |a 151 s., [10] obr. příl. :  |b il. ;  |c 29 cm 
563 |a Z knihovny J. Floriana 
610 2 7 |a Moravská zemská knihovna (Brno, Česko).  |b Florianova knihovna  |7 mzk2006318440  |2 czenas 
700 1 |a Morannes, Étienne  |4 ill 
910 |a BOA001  |b FLO-1102.396 
990 |a BK 
993 |a Y 
996 6 |b 2610159884  |c FLO-1102.396  |l MZK  |r Sklad / do 24 hodin  |n 3  |p kup  |w 000598050  |u 000010  |a 1  |e BOA001  |j MZK50  |s P